The Dead Sea scrolls. (Record no. 2493)

000 -LEADER
fixed length control field 00531nam a2200181 a 4500
001 - CONTROL NUMBER
control field :::00000218$&:&@@
003 - CONTROL NUMBER IDENTIFIER
control field OkBaRHE
005 - DATE AND TIME OF LATEST TRANSACTION
control field 20000607103237.0
008 - FIXED-LENGTH DATA ELEMENTS--GENERAL INFORMATION
fixed length control field s1962 j 000 0 eng u
040 ## - CATALOGING SOURCE
Transcribing agency
100 1# - MAIN ENTRY--PERSONAL NAME
Personal name Pfeiffer, Charles F.
245 14 - TITLE STATEMENT
Title The Dead Sea scrolls.
260 ## - PUBLICATION, DISTRIBUTION, ETC. (IMPRINT)
Place of publication, distribution, etc Grand Rapids, MI., :
Name of publisher, distributor, etc Baker Book House
Date of publication, distribution, etc c1962
300 ## - PHYSICAL DESCRIPTION
Extent 119 p. ;
Dimensions 20 cm.
650 ## - SUBJECT ADDED ENTRY--TOPICAL TERM
Topical term or geographic name as entry element Dead Sea Scrolls
942 ## - ADDED ENTRY ELEMENTS (KOHA)
Source of classification or shelving scheme
Koha item type Books
Copies
Withdrawn status Permanent Location Koha item type Not for loan Shelving location Price effective from Date acquired Full call number Source of classification or shelving scheme Date last seen Damaged status Lost status Barcode Copy number
 RHEMA Bible Training CollegeBooks General Stacks2010-04-142010-04-14BM 487 .P45 2010-04-14  2181